The New Left reader /

Bibliographic Details
Main Author: Oglesby, Carl, 1935-2011
Format: Book
Language:English
Published: New York : Grove Press, 1969.
Edition:1st Evergreen Black Cat ed.
Subjects:

MARC

Tag First Indicator Second Indicator Subfields
LEADER 00000cam a2200000 a 4500
001 in00000084805
005 20151008053227.0
008 691212s1969 nyu b 00010 engm
010 |a  78084890  
035 |a (OCoLC)00044987 
035 |9 AAH6730AM 
040 |a DLC  |c DLC  |d TXA  |d UtOrBLW 
049 |a TXAM  |c [1387619] 
050 0 0 |a HN18  |b  O46 
082 0 |a 309 
100 1 |a Oglesby, Carl,  |d 1935-2011. 
245 1 4 |a The New Left reader /  |c edited by Carl Oglesby. 
250 |a 1st Evergreen Black Cat ed. 
264 1 |a New York :  |b Grove Press,  |c 1969. 
300 |a viii, 312 pages ;  |c 24 cm. 
336 |a text  |b txt  |2 rdacontent 
337 |a unmediated  |b n  |2 rdamedia 
338 |a volume  |b nc  |2 rdacarrier 
504 |a Includes bibliographical references. 
650 0 |a Social history  |y 1945- 
650 0 |a Radicalism. 
999 |a MARS 
999 f f |s bd7dec13-406b-3a65-9b5f-804a6542691d  |i 9d3c1304-1dcd-3fe5-93c1-78509d86c55b  |t 0 
952 f f |p ric  |a Texas A&M University  |b Rellis Campus  |c Joint Library Facility  |d Remote Storage  |t 0  |e HN18 O46  |h Library of Congress classification  |i unmediated -- volume  |m A14805956431 
998 f f |a HN18 O46  |t 0  |l Remote Storage